Main eventy FAME HAX - Zwycięzcy - Statystyki

Ogólne statystyki
  • Ten quiz został rozwiązany 14 razy
  • Średni wynik to 19 z 34
Statystyki odpowiedzi
FAME HAX Zwycięzca Przegrany % Poprawnych
16 koT Poweczai
100%
36 Bachira Wall
75%
48 Handballijczyk Lukseh
75%
38 Wall koT
75%
42 Wall koT
75%
47 (2) CASEMIRO Fabregas
63%
46 maska Jack Grealish
63%
20 Poweczai karim
63%
40 Uniwersalny Spero
63%
47 (1) Uniwersalny CASEMIRO
63%
41 Wall młody sqty
63%
44 Wall koT
63%
27 Bachira koT
50%
28 Bachira wyjadacz
50%
31 Bachira Handballijczyk
50%
34 Bachira Lukseh
50%
37 Bachira koT
50%
22 CASEMIRO Uniwersalny
50%
26 Handballijczyk wnocy
50%
32 Handballijczyk CASEMIRO
50%
21 koT karim
50%
30 koT Wall
50%
17 Uniwersalny tomuniu18cm
50%
18 Uniwersalny Poweczai
50%
29 Wall Bachira
50%
23 wnocy Handballijczyk
50%
33 wyjadacz Handballijczyk
50%
39 Bachira PanteonKing
38%
43 Bachira Uniwersalny
38%
19 CASEMIRO koT
38%
25 Uniwersalny njezz
38%
24 wnocy koT
38%
35 wnocy Bachira
38%
45 wnocy Uniwersalny
38%
Nie znaleziono quizów pasujących do podanych kryteriów
Rozkład punktacji
Procent ludzi z każdym wynikiem
Percentyl według liczby udzielonych odpowiedzi
Twoja historia wyników
Nie rozwiązałeś tego quizu